|
|
|
|
| LEADER |
00000nam a22000007a 4500 |
| 005 |
20220210230257.0 |
| 007 |
cr|||| |||| |
| 008 |
220210s2014 co |||||s|||| 00||0 spa d |
| 020 |
|
|
|a 978-958-648-979-9
|
| 035 |
|
|
|a 35798
|
| 040 |
|
|
|a vLex
|
| 090 |
|
|
|c 12946
|d 12946
|
| 100 |
1 |
|
|a Prieto Herrera, Jorge Eličer
|
| 245 |
1 |
0 |
|a Proyectos: enfoque gerencial
|h [Recurso electrn̤ico] /
|c Jorge Eličer Prieto Herrera
|
| 256 |
|
|
|a Servicio en ln̕ea
|
| 260 |
|
|
|a Bogot:̀
|b ECOE,
|c 2014
|
| 300 |
|
|
|a 1 recurso electrn̤ico
|
| 500 |
|
|
|a En la presente edicin̤ ampliada usted encontrar ̀experiencias, indicaciones, ayudas, modelos, sistemas e informacin̤ relevante sobre proyectos pb︢licos y privados de diferentes sectores de la economa̕.En sus cinco unidades, el lector podr ̀adquirir y fortalecer sus habilidades y destrezas para la gerencia de proyectos. El texto inicia con la evolucin̤ histr̤ica para dar paso a la relacin̤ entre planeacin̤, programas y proyectos, las fuentes de ideas y tčnicas para la identificacin̤ de los proyectos, la formulacin̤, su ejecucin̤ y control, as ̕como lo relacionado con la evaluacin̤ integral del mismo.Para una mejor comprensin̤ de la temt̀ica referenciada se incluye un solucionario de ejercicios y talleres para que revise progresivamente su aprendizaje y pueda construir su propio proyecto.
|
| 506 |
1 |
|
|a Disponible solo en los productos indicados
|d vLex Global
|d vLex Global (Academic Edition, excluding Law Schools)
|d vLex Global (U.S. Academic Edition, Law Schools)
|d vLex Global (U.S. Academic Edition, excluding Law Schools)
|d vLex Global (Academic Edition, Law Schools)
|
| 650 |
0 |
4 |
|a Economa̕ y negocios
|z Colombia
|
| 740 |
0 |
|
|a vLex Libros (Servicio en ln̕ea)
|
| 856 |
4 |
0 |
|u https://app.vlex.com/#/sources/35798
|z Acceso restringido
|
| 942 |
|
|
|c BOOK
|
| 999 |
0 |
|
|a Economy and business
|